| 000 | 00779cam a2200253 4500 | ||
|---|---|---|---|
| 008 | 000000n2000 000 0 eng u | ||
| 020 | _a1851123938 | ||
| 035 | _a(Sirsi) u107425 | ||
| 050 | _a333.332 | ||
| 110 |
_aUnited Kingdom _bDepartment of the Environment, Transport and the Regions _93507 |
||
| 245 | 2 | _aA new financial framework for local authority housing : guidance on stock valuation. | |
| 260 |
_aLondon _bDETR _c2000 |
||
| 300 | _a100p. ; 30cm. | ||
| 350 | _a15.00 | ||
| 650 | _aSTOCK VALUATIONS | ||
| 650 | _aLOCAL AUTHORITY HOUSING | ||
| 650 | _aVALUATIONS | ||
| 650 | _aHOUSING | ||
| 650 | _aHOUSING STOCK | ||
| 650 | _aHOUSING REVENUE ACCOUNT | ||
| 650 | _aASSET MANAGEMENT | ||
| 690 | _aPROPERTY-PROPERTY APPRAISAL AND VALUATION | ||
| 942 | _n0 | ||
| 999 |
_c100691 _d100691 |
||